000
00265nam a22001217a 4500
008
170922b xxu||||| |||| 00| 0 eng d
041
_a
eng
080
_a
902
100
_a
45
101
_a
ART
245
_a
ANALYTICAL ARCHEOLOGY
_c
CLARKE.D.L
942
_2
udc
_c
BK
999
_c
28920
_d
28920